000 00266nam a2200121 4500
008 181226b xxu||||| |||| 00| 0 eng d
041 _aeng
080 _a030
100 _a23
101 _aENC
245 _aBritannica Book of the Year
_cDaume,D
942 _2ddc
_cBK
999 _c53759
_d53759